English in Focus Level B / Level B - dành cho giáo viên

Đã lưu trong:
書目詳細資料
主要作者: Nguyễn Quốc Hùng
格式: 圖書
語言:English
出版: TPHCM : NXB tổng hợp HCM, 2005.
主題:
標簽: 添加標簽
沒有標簽, 成為第一個標記此記錄!
Thư viện lưu trữ: Mạng thư viện Đại học Đà Nẵng
LEADER 01078cam a22003011a 4500
001 000035085
003 11348
005 20210330154608.0
008 151102s2005 000 eng
041 |a eng 
082 |a 420.370  |b NG-H  |2 Level A - dành cho giáo viên 
100 |a Nguyễn Quốc Hùng 
245 0 |a English in Focus Level B /  |c Nguyễn Quốc Hùng; Nicolas sampon  |n Level B - dành cho giáo viên 
260 |a TPHCM :  |b NXB tổng hợp HCM,  |c 2005. 
300 |a 91tr. :. 
650 |a English in Focus 
653 |a English  |a dành cho giáo viên 
OWN |a LNN 
902 |a TKA 
AVA |a UDN50  |b LNN  |c English  |d 420.370 NG-H  |e available  |t Error 5001 Not defined in file expand_doc_bib_avail.  |f 1  |g 0  |h N  |i 0  |j AN  |k 1 
999 |a From the UDN01 
AVA |a UDN50  |b LNN  |c English  |d 420.370 NG-H  |e available  |t Error 5001 Not defined in file expand_doc_bib_avail.  |f 1  |g 0  |h N  |i 0  |j AN  |k 1 
TYP |a Monograph 
TYP |a Printed language 
980 |a Mạng thư viện Đại học Đà Nẵng